[Event "Steyr Landesliga 1920"]
[Site "Austria"]
[Date "2019.11.16"]
[Round "4.4"]
[White "Pfaffel, Thomas"]
[Black "Reinwald, Patrick"]
[Result "1/2-1/2"]
[WhiteElo "2076"]
[BlackElo "2161"]
[PlyCount "109"]
[EventDate "2019.09.28"]
[EventType "team-tourn"]
[EventRounds "11"]
[EventCountry "AUT"]
[SourceTitle "CBM 193 Extra"]
[Source "ChessBase"]
[SourceDate "2020.01.31"]
[SourceVersion "1"]
[SourceVersionDate "2020.01.31"]
[SourceQuality "1"]
[WhiteTeam "Graz Austria"]
[BlackTeam "Pinggau Friedberg"]
[WhiteTeamCountry "AUT"]
[BlackTeamCountry "AUT"]

1. b3 Nf6 2. Bb2 e6 3. g3 d5 4. Bg2 Be7 5. Nf3 0-0 6. 0-0 b6 7. Ne5 Nfd7 8. Nxd7 Nxd7 9. c4 c6 10. d3 Bf6 11. Qc2 Ba6 12. Nd2 b5 13. Rac1 Rc8 14. Rfd1 Qe7 15. e3 h6 16. Bxf6 Qxf6 17. d4 b4 18. c5 e5 19. Bh3 Rc7 20. Bxd7 Rxd7 21. dxe5 Qxe5 22. Nf3 Qf6 23. Nd4 Re8 24. Qf5 Qxf5 25. Nxf5 Bb5 26. Nd4 Rb7 27. a4 bxa3 28. Ra1 a6 29. Rxa3 g6 30. Rd2 Kg7 31. Kg2 h5 32. Kf3 Re4 33. h4 Re8 34. Rc2 Ra8 35. Ra5 Rc8 36. Rd2 Re8 37. Rda2 Re4 38. R2a3 Kf6 39. Nxb5 Rxb5 40. Rxb5 axb5 41. Ra6 Rb4 42. Rxc6+ Ke5 43. Rc7 f6 44. Re7+ Kf5 45. Ke2 Rxb3 46. Rb7 b4 47. f3 Rc3 48. Rxb4 Rxc5 49. Kd3 Ke5 50. g4 hxg4 51. fxg4 Ra5 52. Ke2 Ra2+ 53. Kf3 Rh2 54. Kg3 Re2 55. Kf3 1/2-1/2

[Event "Steyr Landesliga 1819"]
[Site "Austria"]
[Date "2019.03.09"]
[Round "9.6"]
[White "Pfaffel, Thomas"]
[Black "Kapus, Florian"]
[Result "1/2-1/2"]
[WhiteElo "2077"]
[BlackElo "1944"]
[PlyCount "77"]
[EventDate "2018.10.06"]
[EventType "team-tourn"]
[EventRounds "11"]
[EventCountry "AUT"]
[SourceTitle "CBM 189 Extra"]
[Source "ChessBase"]
[SourceDate "2019.05.31"]
[SourceVersion "1"]
[SourceVersionDate "2019.05.31"]
[SourceQuality "1"]
[WhiteTeam "Graz Austria"]
[BlackTeam "Gratwein Strassengel"]
[WhiteTeamCountry "AUT"]
[BlackTeamCountry "AUT"]

1. Nf3 g6 2. c4 Bg7 3. Nc3 c5 4. g3 Nc6 5. Bg2 e5 6. 0-0 Nge7 7. d3 0-0 8. Bd2 h6 9. a3 d6 10. Rb1 a5 11. Ne1 Bd7 12. Nc2 Rb8 13. b4 axb4 14. axb4 b6 15. Nb5 Be6 16. bxc5 bxc5 17. Ne3 Nd4 18. Nxd4 exd4 19. Nd5 Nxd5 20. cxd5 Bg4 21. Rxb8 Qxb8 22. h3 Bd7 23. Qc2 Qc7 24. Rb1 Rb8 25. Rb3 Bc8 26. Bf4 g5 27. Bd2 Rxb3 28. Qxb3 Qb7 29. Qxb7 Bxb7 30. h4 Bf6 31. hxg5 hxg5 32. f4 gxf4 33. Bxf4 Be7 34. Kf2 Bc8 35. Kf3 f5 36. Bh3 Kf7 37. g4 Kg6 38. Kg3 Bd7 39. Kf3 1/2-1/2

[Event "Steyr Landesliga 1617"]
[Site "Austria"]
[Date "2017.01.21"]
[Round "6.6"]
[White "Pfaffel, Thomas"]
[Black "Rattinger, Thomas"]
[Result "0-1"]
[WhiteElo "2097"]
[BlackElo "1888"]
[PlyCount "76"]
[EventDate "2016.10.01"]
[EventType "team-tourn"]
[EventRounds "11"]
[EventCountry "AUT"]
[SourceTitle "EXT 2018"]
[Source "ChessBase"]
[SourceDate "2017.10.13"]
[SourceVersion "1"]
[SourceVersionDate "2017.10.13"]
[SourceQuality "1"]
[WhiteTeam "Austria"]
[BlackTeam "Ratten Krieglach"]
[WhiteTeamCountry "AUT"]
[BlackTeamCountry "AUT"]

1. b3 f5 2. Bb2 Nf6 3. Nf3 e6 4. c4 c6 5. g3 d5 6. Bg2 Bd6 7. 0-0 0-0 8. d3 Nbd7 9. Nc3 e5 10. cxd5 cxd5 11. Nb5 Qb6 12. Nxd6 Qxd6 13. e3 b6 14. a4 Rd8 15. Ba3 Qe6 16. Re1 Ba6 17. Ng5 Qe8 18. e4 h6 19. Nh3 dxe4 20. dxe4 Nc5 21. Qb1 Ncxe4 22. f3 Nd2 23. Qxf5 Bc8 24. Qxe5 Qxe5 25. Rxe5 Bxh3 26. Be7 Bxg2 27. Kxg2 Nxb3 28. Rae1 Rd5 29. Bxf6 Rd2+ 30. Kh3 gxf6 31. Re7 Nc5 32. Kg4 Rd7 33. Kf5 Kf8 34. Kxf6 Rc8 35. Rxd7 Nxd7+ 36. Kf5 Kf7 37. Re4 Rc3 38. f4 Rc5+ 0-1

[Event "Steyr Landesliga 1516"]
[Site "Austria"]
[Date "2016.04.09"]
[Round "10.4"]
[White "Wilfling, Hermann"]
[Black "Pfaffel, Thomas"]
[Result "1-0"]
[WhiteElo "2144"]
[BlackElo "2099"]
[PlyCount "101"]
[EventDate "2015.09.26"]
[EventType "team-tourn"]
[EventRounds "11"]
[EventCountry "AUT"]
[SourceTitle "EXT 2017"]
[Source "ChessBase"]
[SourceDate "2016.10.25"]
[SourceVersion "1"]
[SourceVersionDate "2016.10.25"]
[SourceQuality "1"]
[WhiteTeam "Feldbach Kirchberg"]
[BlackTeam "Graz Austria"]
[WhiteTeamCountry "AUT"]
[BlackTeamCountry "AUT"]

1. d4 Nf6 2. c4 e6 3. Nc3 d5 4. Bg5 Nbd7 5. e3 c6 6. Nf3 Qa5 7. Bxf6 Nxf6 8. Qc2 Bd6 9. Bd3 0-0 10. 0-0 dxc4 11. Bxc4 e5 12. dxe5 Bxe5 13. h3 Bf5 14. Qb3 Bxc3 15. bxc3 Be4 16. Be2 b6 17. Qb4 Qf5 18. Rfd1 c5 19. Qb2 Rfd8 20. c4 Kf8 21. Rd2 h6 22. Rad1 Ke7 23. Nh4 Qe6 24. Nf3 Ne8 25. Qc3 f6 26. Rxd8 Rxd8 27. Rxd8 Kxd8 28. Nd2 Bc6 29. Bf3 Kc7 30. Bxc6 Qxc6 31. f3 a6 32. Kf2 b5 33. a3 Kb6 34. Nb3 Nc7 35. g4 Qd6 36. f4 Qd1 37. cxb5 axb5 38. Qxc5+ Kb7 39. Na5+ Kb8 40. Nc6+ Kb7 41. Nd4 Qd2+ 42. Ne2 Qd7 43. Nd4 Ka6 44. Qf8 Nd5 45. Qa8+ Kb6 46. Nb3 g5 47. Qa5+ Kc6 48. f5 Kd6 49. Qa6+ Ke5 50. Nd4 b4 51. Nf3+ 1-0

[Event "Steyr Landesliga 1314"]
[Site "Austria"]
[Date "2013.09.28"]
[Round "1.6"]
[White "Gutmann, Alois"]
[Black "Pfaffel, Thomas"]
[Result "1/2-1/2"]
[WhiteElo "2037"]
[BlackElo "2117"]
[PlyCount "108"]
[EventDate "2013.09.28"]
[EventType "team-tourn"]
[EventRounds "11"]
[EventCountry "AUT"]
[SourceTitle "EXT 2015"]
[Source "ChessBase"]
[SourceDate "2014.11.20"]
[SourceVersion "1"]
[SourceVersionDate "2014.11.20"]
[SourceQuality "1"]
[WhiteTeam "Feldbach Kirchberg"]
[BlackTeam "Graz Austria"]
[WhiteTeamCountry "AUT"]
[BlackTeamCountry "AUT"]

1. d4 Nf6 2. c4 e6 3. a3 b6 4. Nc3 d5 5. Bg5 Be7 6. e3 0-0 7. Bxf6 Bxf6 8. cxd5 exd5 9. Bd3 Bb7 10. Nf3 Nd7 11. 0-0 c5 12. Rc1 a6 13. Ne2 Re8 14. Nf4 g6 15. b3 Rc8 16. Re1 b5 17. Qd2 Qb6 18. Bf1 Qd6 19. dxc5 Nxc5 20. b4 Ne4 21. Qa2 d4 22. Rxc8 Rxc8 23. Nd3 Bd5 24. Qb1 dxe3 25. Rxe3 Bg7 26. Qe1 f5 27. h4 Rc3 28. Nc5 Rxe3 29. Qxe3 Nxc5 30. bxc5 Qe6 31. Qf4 Bf8 32. Qd4 Qc6 33. a4 Bxc5 34. axb5 axb5 35. Bxb5 Bxd4 36. Bxc6 Bxf2+ 37. Kxf2 Bxc6 38. Ne5 Be4 39. g3 Kg7 40. Ke3 Kf6 41. Kf4 h6 42. Nd7+ Ke6 43. Nf8+ Kf7 44. Nd7 Bc2 45. Ke5 g5 46. hxg5 hxg5 47. Nf6 Kg6 48. Nd5 Kh5 49. Nf6+ Kh6 50. Ng8+ Kg6 51. Ne7+ Kh5 52. Nxf5 Kg4 53. Ne3+ Kxg3 54. Nxc2 g4 1/2-1/2

[Event "Graz op 20th"]
[Site "Graz"]
[Date "2013.08.31"]
[Round "8"]
[White "Pfaffel, Thomas"]
[Black "Matosec, Thomas"]
[Result "0-1"]
[WhiteElo "2117"]
[BlackElo "2101"]
[PlyCount "106"]
[EventDate "2013.08.24"]
[EventType "swiss"]
[EventRounds "9"]
[EventCountry "AUT"]
[SourceTitle "CBM 156 Extra"]
[Source "ChessBase"]
[SourceDate "2013.10.22"]
[SourceVersion "1"]
[SourceVersionDate "2013.10.22"]
[SourceQuality "1"]

1. Nf3 f5 2. g3 Nf6 3. Bg2 d6 4. d4 g6 5. c4 Bg7 6. Nc3 0-0 7. 0-0 Nc6 8. b3 Ne4 9. Bb2 Nxc3 10. Bxc3 e5 11. dxe5 Qe8 12. Rc1 dxe5 13. e4 f4 14. h3 Be6 15. Rc2 Rd8 16. Rd2 Qe7 17. Rxd8 Rxd8 18. Qa1 fxg3 19. fxg3 Nd4 20. Kh2 c5 21. Rf2 Rf8 22. Qf1 g5 23. Ne1 Rxf2 24. Qxf2 g4 25. h4 Bd7 26. Nc2 Bh6 27. Ne3 Bxe3 28. Qxe3 Qf6 29. Kg1 b5 30. Ba5 Kf7 31. Qf2 Qxf2+ 32. Kxf2 b4 33. Bc7 Ke6 34. Bf1 Nc6 35. Be2 h5 36. Ke3 Be8 37. Bf1 Kd7 38. Bxe5 Nxe5 39. Kf4 Ke6 40. Be2 Kf6 41. Bf1 a5 42. Be2 a4 43. Bd1 axb3 44. axb3 Bc6 45. Ke3 Ng6 46. Bxg4 hxg4 47. h5 Bxe4 48. Kxe4 Ne7 49. Kf4 Nf5 50. Kxg4 Ne3+ 51. Kf3 Nxc4 52. Ke4 Na5 53. Kd3 Nxb3 0-1

[Event "Graz op 20th"]
[Site "Graz"]
[Date "2013.08.25"]
[Round "2"]
[White "Pfaffel, Thomas"]
[Black "Teuschler, Hugo"]
[Result "1-0"]
[WhiteElo "2117"]
[BlackElo "2050"]
[PlyCount "51"]
[EventDate "2013.08.24"]
[EventType "swiss"]
[EventRounds "9"]
[EventCountry "AUT"]
[SourceTitle "CBM 156 Extra"]
[Source "ChessBase"]
[SourceDate "2013.10.22"]
[SourceVersion "1"]
[SourceVersionDate "2013.10.22"]
[SourceQuality "1"]

1. Nf3 c5 2. g3 d5 3. Bg2 Nc6 4. d4 e6 5. 0-0 Nf6 6. b3 Be7 7. Bb2 0-0 8. Nbd2 b5 9. dxc5 Bxc5 10. c4 bxc4 11. bxc4 Rb8 12. Nb3 dxc4 13. Qxd8 Nxd8 14. Be5 Rb5 15. Nxc5 Rxc5 16. Bd6 Nb7 17. Bxc5 Nxc5 18. Rfc1 Ba6 19. Ne5 Rd8 20. Nxc4 Nce4 21. e3 Rd5 22. Rc2 g6 23. Rac1 Rf5 24. f3 Ng5 25. f4 Nge4 26. Ne5 1-0

[Event "Steyr Landesliga 1213"]
[Site "Austria"]
[Date "2013.04.27"]
[Round "10.4"]
[White "Fabisch, Christian"]
[Black "Pfaffel, Thomas"]
[Result "1/2-1/2"]
[WhiteElo "2154"]
[BlackElo "2131"]
[PlyCount "61"]
[EventDate "2012.09.22"]
[EventType "team-tourn"]
[EventRounds "11"]
[EventCountry "AUT"]
[SourceTitle "EXT 2014"]
[Source "ChessBase"]
[SourceDate "2013.11.20"]
[SourceVersion "1"]
[SourceVersionDate "2013.11.20"]
[SourceQuality "1"]
[WhiteTeam "Hartberg"]
[BlackTeam "Graz Austria"]
[WhiteTeamCountry "AUT"]
[BlackTeamCountry "AUT"]

1. b4 c6 2. Bb2 Qb6 3. a3 a5 4. c4 axb4 5. c5 Qc7 6. axb4 Rxa1 7. Bxa1 d6 8. e3 dxc5 9. bxc5 Qa5 10. Nc3 Qxc5 11. Na4 Qd6 12. Nb6 Qc7 13. Nxc8 Qxc8 14. Bc4 Nf6 15. Nf3 e6 16. 0-0 Be7 17. Ne5 Nbd7 18. f4 h5 19. Qf3 g6 20. e4 b5 21. Bd3 Qc7 22. Bc2 c5 23. Qa3 0-0 24. Qg3 Kh7 25. f5 Nxe5 26. Bxe5 Qb6 27. fxg6+ fxg6 28. Bxf6 c4+ 29. Kh1 e5 30. Qxe5 Bxf6 31. Qd5 1/2-1/2

[Event "Steyr Landesliga 1213"]
[Site "Austria"]
[Date "2013.04.13"]
[Round "9.4"]
[White "Pfaffel, Thomas"]
[Black "Schieder, Andreas"]
[Result "1/2-1/2"]
[WhiteElo "2131"]
[BlackElo "2129"]
[PlyCount "135"]
[EventDate "2012.09.22"]
[EventType "team-tourn"]
[EventRounds "11"]
[EventCountry "AUT"]
[SourceTitle "EXT 2014"]
[Source "ChessBase"]
[SourceDate "2013.11.20"]
[SourceVersion "1"]
[SourceVersionDate "2013.11.20"]
[SourceQuality "1"]
[WhiteTeam "Graz Austria"]
[BlackTeam "Pinggau Friedberg"]
[WhiteTeamCountry "AUT"]
[BlackTeamCountry "AUT"]

1. e4 e5 2. Nf3 Qe7 3. Bc4 d6 4. Nc3 Nf6 5. h3 c6 6. a4 h6 7. 0-0 g5 8. d4 g4 9. dxe5 gxf3 10. exf6 Qxf6 11. Qxf3 Qxf3 12. gxf3 Bxh3 13. Rd1 Nd7 14. Bf4 Ne5 15. Bxe5 dxe5 16. Kh2 Be6 17. Bxe6 fxe6 18. Rd2 Be7 19. Rad1 Rd8 20. Ne2 Rxd2 21. Rxd2 Bg5 22. Rd3 Rh7 23. Kg3 h5 24. f4 exf4+ 25. Nxf4 h4+ 26. Kg4 Bxf4 27. Kxf4 Rf7+ 28. Ke3 e5 29. Rd1 Ke7 30. Rh1 Rf4 31. f3 a5 32. Kf2 Kd6 33. Rd1+ Ke7 34. Rg1 Rf8 35. Rg7+ Rf7 36. Rg5 Kf6 37. Rh5 Rd7 38. Ke2 b5 39. Rxh4 bxa4 40. Rh6+ Kg5 41. Rxc6 Rb7 42. Ke3 Rxb2 43. Rc5 Kf6 44. Kd2 Ra2 45. Rxa5 Ra3 46. Ra6+ Ke7 47. c3 Ra1 48. Kc2 Rf1 49. Rxa4 Rxf3 50. Kd2 Rh3 51. Ra6 Kd7 52. Rg6 Ke7 53. Kc2 Re3 54. Rg4 Kd6 55. Kd2 Rh3 56. Rg6+ Kc5 57. Re6 Rh2+ 58. Kd3 Rh3+ 59. Kc2 Kc4 60. Rc6+ Kb5 61. Rd6 Re3 62. Kd2 Rxe4 63. Kd3 Re1 64. c4+ Kc5 65. Rd5+ Kc6 66. Ra5 Rd1+ 67. Kc2 Re1 68. Kd2 1/2-1/2

[Event "Steyr Landesliga 1213"]
[Site "Austria"]
[Date "2013.03.16"]
[Round "8.3"]
[White "Pfaffel, Thomas"]
[Black "Kastner, Walter"]
[Result "1-0"]
[WhiteElo "2131"]
[BlackElo "2220"]
[PlyCount "56"]
[EventDate "2012.09.22"]
[EventType "team-tourn"]
[EventRounds "11"]
[EventCountry "AUT"]
[SourceTitle "EXT 2014"]
[Source "ChessBase"]
[SourceDate "2013.11.20"]
[SourceVersion "1"]
[SourceVersionDate "2013.11.20"]
[SourceQuality "1"]
[WhiteTeam "Graz Austria"]
[BlackTeam "Graz Schachfreunde"]
[WhiteTeamCountry "AUT"]
[BlackTeamCountry "AUT"]

1. e4 d6 2. d4 Nf6 3. Nc3 e5 4. dxe5 dxe5 5. Qxd8+ Kxd8 6. Bg5 c6 7. Bc4 Be6 8. Bxe6 fxe6 9. Nf3 Bd6 10. 0-0-0 Ke7 11. Rd3 Na6 12. Bh4 Rad8 13. Rhd1 Nc5 14. R3d2 a5 15. a4 Bc7 16. Rxd8 Rxd8 17. Rxd8 Kxd8 18. Nd2 Kc8 19. f3 Ncd7 20. Nc4 Nb6 21. Nxa5 Nxa4 22. Nxa4 Bxa5 23. Nc5 Bb6 24. Nxe6 Ne8 25. Kd2 h6 26. Bg3 Kd7 27. Nf8+ Ke7 28. Ng6+ Ke6 1-0

[Event "Steyr Landesliga 1213"]
[Site "Austria"]
[Date "2012.12.01"]
[Round "5.3"]
[White "Kutlesa, Peter"]
[Black "Pfaffel, Thomas"]
[Result "1/2-1/2"]
[WhiteElo "2256"]
[BlackElo "2131"]
[PlyCount "38"]
[EventDate "2012.09.22"]
[EventType "team-tourn"]
[EventRounds "11"]
[EventCountry "AUT"]
[SourceTitle "EXT 2014"]
[Source "ChessBase"]
[SourceDate "2013.11.20"]
[SourceVersion "1"]
[SourceVersionDate "2013.11.20"]
[SourceQuality "1"]
[WhiteTeam "Graz Post"]
[BlackTeam "Graz Austria"]
[WhiteTeamCountry "AUT"]
[BlackTeamCountry "AUT"]

1. d4 Nf6 2. Nf3 e6 3. Bg5 c5 4. c3 cxd4 5. cxd4 Qa5+ 6. Nc3 Ne4 7. Bd2 Nxd2 8. Qxd2 d5 9. e3 Be7 10. Bd3 Nd7 11. 0-0 0-0 12. a3 a6 13. b4 Qd8 14. e4 dxe4 15. Nxe4 b6 16. Rfd1 Bb7 17. Qf4 Nf6 18. Nxf6+ Bxf6 19. Be4 Bxe4 1/2-1/2

[Event "Graz op-A 19th"]
[Site "Graz"]
[Date "2012.09.01"]
[Round "8"]
[White "Goessler, Markus"]
[Black "Pfaffel, Thomas"]
[Result "1/2-1/2"]
[WhiteElo "2136"]
[BlackElo "2131"]
[PlyCount "52"]
[EventDate "2012.08.25"]
[EventType "swiss"]
[EventRounds "9"]
[EventCountry "AUT"]
[SourceTitle "CBM 150 Extra"]
[Source "ChessBase"]
[SourceDate "2012.10.19"]
[SourceVersion "1"]
[SourceVersionDate "2012.10.19"]
[SourceQuality "1"]

1. e4 c5 2. Nf3 d6 3. d4 cxd4 4. Nxd4 Nf6 5. Nc3 a6 6. Be2 e5 7. Nb3 Be6 8. 0-0 Be7 9. Be3 d5 10. exd5 Nxd5 11. Nxd5 Bxd5 12. f4 exf4 13. Bxf4 Be4 14. Qxd8+ Bxd8 15. Bc4 Bb6+ 16. Kh1 f5 17. Be5 Ke7 18. Rae1 Nd7 19. Bxg7 Rhe8 20. Nd4 Bxd4 21. Bxd4 Kd6 22. c3 b5 23. Be2 Ne5 24. Rd1 Ke6 25. b3 Rg8 26. Bf3 Nxf3 1/2-1/2

[Event "Graz op-A 19th"]
[Site "Graz"]
[Date "2012.08.31"]
[Round "7"]
[White "Pfaffel, Thomas"]
[Black "Kranewitter, Norbert"]
[Result "1-0"]
[WhiteElo "2131"]
[BlackElo "2074"]
[PlyCount "75"]
[EventDate "2012.08.25"]
[EventType "swiss"]
[EventRounds "9"]
[EventCountry "AUT"]
[SourceTitle "CBM 150 Extra"]
[Source "ChessBase"]
[SourceDate "2012.10.19"]
[SourceVersion "1"]
[SourceVersionDate "2012.10.19"]
[SourceQuality "1"]

1. e4 c6 2. d4 d5 3. Nd2 dxe4 4. Nxe4 Bf5 5. Ng3 Bg6 6. Nh3 e6 7. Nf4 Nf6 8. h4 Bd6 9. c3 Qc7 10. Ngh5 Nxh5 11. Nxh5 Rg8 12. Qf3 Nd7 13. Nf4 0-0-0 14. Nxg6 hxg6 15. Qxf7 e5 16. dxe5 Bxe5 17. Be3 Qd6 18. Rd1 Bxc3+ 19. bxc3 Qxd1+ 20. Kxd1 Ne5+ 21. Kc2 Nxf7 22. Bc4 Rgf8 23. Bxa7 Nd6 24. Bd3 Nf5 25. Bc5 Rfe8 26. g4 Rd5 27. Bb6 Nh6 28. c4 Rd6 29. Rg1 Nf7 30. f4 Rh8 31. Bc5 Rf6 32. f5 Ne5 33. Bd4 Nf3 34. Bxf6 Nxg1 35. Bxg7 Rxh4 36. f6 Nf3 37. f7 Nd4+ 38. Bxd4 1-0

[Event "Graz op-A 19th"]
[Site "Graz"]
[Date "2012.08.26"]
[Round "2"]
[White "Hatzl, Johannes"]
[Black "Pfaffel, Thomas"]
[Result "1/2-1/2"]
[WhiteElo "2086"]
[BlackElo "2131"]
[PlyCount "64"]
[EventDate "2012.08.25"]
[EventType "swiss"]
[EventRounds "9"]
[EventCountry "AUT"]
[SourceTitle "CBM 150 Extra"]
[Source "ChessBase"]
[SourceDate "2012.10.19"]
[SourceVersion "1"]
[SourceVersionDate "2012.10.19"]
[SourceQuality "1"]

1. e4 d5 2. exd5 Qxd5 3. Nc3 Qd6 4. d4 Nf6 5. Nf3 Bg4 6. h3 Bh5 7. Be3 c6 8. Bd3 e6 9. Qe2 Nbd7 10. g4 Bg6 11. Bxg6 hxg6 12. 0-0-0 Nd5 13. Ne4 Qc7 14. Kb1 N7f6 15. Nxf6+ gxf6 16. c4 Nxe3 17. Qxe3 0-0-0 18. d5 cxd5 19. Qxa7 Bc5 20. Qa8+ Qb8 21. Qa4 Qa7 22. Qc2 Kb8 23. cxd5 exd5 24. Qd2 Qb6 25. Qf4+ Qd6 26. Qxd6+ Rxd6 27. Nd4 Re8 28. Kc2 Re4 29. Nb5 Rb6 30. Nc3 Rf4 31. Rd2 Bb4 32. Rhd1 Bxc3 1/2-1/2

[Event "Graz op-A 19th"]
[Site "Graz"]
[Date "2012.08.25"]
[Round "1"]
[White "Pfaffel, Thomas"]
[Black "Cmor, Nino"]
[Result "1/2-1/2"]
[WhiteElo "2131"]
[BlackElo "1863"]
[PlyCount "86"]
[EventDate "2012.08.25"]
[EventType "swiss"]
[EventRounds "9"]
[EventCountry "AUT"]
[SourceTitle "CBM 150 Extra"]
[Source "ChessBase"]
[SourceDate "2012.10.19"]
[SourceVersion "1"]
[SourceVersionDate "2012.10.19"]
[SourceQuality "1"]

1. e4 c5 2. Nf3 d6 3. d4 cxd4 4. Nxd4 Nf6 5. Nc3 a6 6. Be2 e5 7. Nb3 Be7 8. g4 Be6 9. g5 Nfd7 10. h4 Nc6 11. Be3 0-0 12. Qd2 Rc8 13. 0-0-0 Qc7 14. Kb1 b5 15. Nd5 Bxd5 16. exd5 Nd8 17. Bd3 Nb6 18. Bxb6 Qxb6 19. Qe2 Nb7 20. f4 f6 21. gxf6 Rxf6 22. Qe4 Rh6 23. fxe5 dxe5 24. Qxe5 Bf6 25. Qf4 Nd6 26. Rdg1 Kh8 27. Re1 Nc4 28. Bxc4 bxc4 29. Qxc4 Qb7 30. Qe4 Qb5 31. c4 Qb8 32. c5 g6 33. d6 Kg7 34. h5 Rxc5 35. hxg6 Re5 36. Qc6 Rxh1 37. Rxh1 Qb4 38. Qd7+ Be7 39. Rxh7+ Kxg6 40. Rxe7 Qe4+ 41. Kc1 Qc4+ 42. Kd2 Rd5+ 43. Ke1 Qh4+ 1/2-1/2

[Event "Steyr-ch"]
[Site "Gleisdorf"]
[Date "2012.06.08"]
[Round "4.1"]
[White "Stagl, Marco"]
[Black "Pfaffel, Thomas"]
[Result "1-0"]
[WhiteElo "2099"]
[BlackElo "2164"]
[PlyCount "120"]
[EventDate "2012.06.07"]
[EventType "swiss"]
[EventRounds "7"]
[EventCountry "AUT"]
[SourceTitle "EXT 2024"]
[Source "ChessBase"]
[SourceDate "2023.10.10"]
[SourceVersion "1"]
[SourceVersionDate "2023.10.10"]
[SourceQuality "1"]

1. d4 Nf6 2. c4 e6 3. g3 d5 4. Nf3 Bb4+ 5. Bd2 Be7 6. Qc2 0-0 7. Bg2 c6 8. 0-0 Nbd7 9. Rd1 b6 10. cxd5 cxd5 11. Qa4 Bb7 12. Bf4 Nh5 13. Bd2 Nhf6 14. Na3 a6 15. Rdc1 Bd6 16. Nc2 b5 17. Qa5 Qb6 18. Qxb6 Nxb6 19. b3 Rfc8 20. Ba5 Nbd7 21. Nb4 Kf8 22. e3 Ne8 23. Bf1 Rxc1 24. Rxc1 Rc8 25. Rxc8 Bxc8 26. Nd3 Bb7 27. Nfe5 Ke7 28. Nxd7 Kxd7 29. Nc5+ Bxc5 30. dxc5 Kc6 31. b4 Nf6 32. f3 Kd7 33. g4 d4 34. g5 Nd5 35. exd4 Nc3 36. Kf2 Nxa2 37. Bd3 g6 38. Be4 Bc6 39. Ke3 Nc3 40. Kf4 Nd5+ 41. Ke5 Ke7 42. Bxd5 Bxd5 43. Bc7 Bxf3 44. Bd6+ Kd7 45. Kf6 a5 46. bxa5 b4 47. Bf4 Kc6 48. Kxf7 Kd5 49. c6 Kxc6 50. Kxe6 Bd5+ 51. Ke5 Bc4 52. Bd2 Kb5 53. d5 Kxa5 54. d6 Kb6 55. Bxb4 Kc6 56. Kf6 Kd7 57. Kg7 Be2 58. Kxh7 Bh5 59. Kg7 Ke8 60. Kf6 Kd7 1-0

[Event "Pfalz op 03rd"]
[Site "Neustadt an der Weinstrasse"]
[Date "2012.03.03"]
[Round "7"]
[White "Hoehler, Waldemar"]
[Black "Pfaffel, Thomas"]
[Result "0-1"]
[WhiteElo "1927"]
[BlackElo "2172"]
[PlyCount "158"]
[EventDate "2012.02.17"]
[EventType "swiss"]
[EventRounds "9"]
[EventCountry "GER"]
[SourceTitle "EXT 2013"]
[Source "ChessBase"]
[SourceDate "2012.11.22"]
[SourceVersion "1"]
[SourceVersionDate "2012.11.22"]
[SourceQuality "1"]

1. Nf3 Nf6 2. b3 d5 3. Bb2 Bg4 4. e3 Nbd7 5. Be2 e6 6. 0-0 Bd6 7. h3 Bh5 8. d3 Qe7 9. Nbd2 0-0-0 10. Nd4 Bxe2 11. Qxe2 c6 12. a4 g5 13. c4 g4 14. h4 Rhg8 15. cxd5 Nxd5 16. g3 Be5 17. Rac1 Kb8 18. Nc4 Bxd4 19. Bxd4 e5 20. Bb2 f6 21. Ba3 Qe6 22. b4 N7b6 23. b5 cxb5 24. Nxb6 Nxb6 25. axb5 Qd7 26. Qb2 Qxd3 27. Be7 Rd5 28. Bxf6 Qxb5 29. Qc2 Qd7 30. Qe4 Re8 31. Ra1 Re6 32. Bh8 Qf7 33. Qxg4 Rg6 34. Qe4 Qe8 35. h5 Rg5 36. Bf6 Rxh5 37. Bh4 Qg6 38. Qxg6 hxg6 39. Be7 Rh7 40. Bg5 Rh5 41. Be7 e4 42. Bf6 Rd7 43. Bd4 Rdh7 44. g4 Rg5 45. Rfc1 Rxg4+ 46. Kf1 Rh1+ 47. Ke2 Rxc1 48. Rxc1 Rg5 49. Rh1 Nc8 50. Rh8 a5 51. Re8 Kc7 52. Rxe4 b5 53. f4 Rg2+ 54. Kf3 Rg1 55. Re5 Rb1 56. Re6 a4 57. Rxg6 b4 58. Be5+ Kb7 59. Rg7+ Ka6 60. Rc7 Nb6 61. Bd4 Nd5 62. Rc6+ Kb7 63. Rc5 Nc7 64. Be5 Na6 65. Rd5 a3 66. Rd7+ Kc6 67. Rd6+ Kb5 68. Bd4 Nc5 69. Rd5 Rc1 70. f5 a2 71. f6 a1Q 72. Rxc5+ Rxc5 73. Bxa1 Rc1 74. Bd4 Kc6 75. e4 Kd7 76. e5 Ke6 77. Ke2 b3 78. Kd2 Rc2+ 79. Kd3 Rg2 0-1

[Event "Pfalz op 03rd"]
[Site "Neustadt an der Weinstrasse"]
[Date "2012.03.03"]
[Round "6"]
[White "Pfaffel, Thomas"]
[Black "Worth, Lucas"]
[Result "1/2-1/2"]
[WhiteElo "2172"]
[BlackElo "1972"]
[PlyCount "41"]
[EventDate "2012.02.17"]
[EventType "swiss"]
[EventRounds "9"]
[EventCountry "GER"]
[SourceTitle "EXT 2013"]
[Source "ChessBase"]
[SourceDate "2012.11.22"]
[SourceVersion "1"]
[SourceVersionDate "2012.11.22"]
[SourceQuality "1"]

1. e4 c5 2. Nf3 g6 3. d4 cxd4 4. Nxd4 Nc6 5. Nc3 Bg7 6. Be3 Nf6 7. Qd2 0-0 8. f3 d5 9. exd5 Nxd5 10. Nxc6 bxc6 11. Bd4 Nxc3 12. Bxg7 Qxd2+ 13. Kxd2 Ne4+ 14. fxe4 Kxg7 15. Bc4 c5 16. Ke3 Rb8 17. b3 Bb7 18. Rad1 Rfd8 19. Rhf1 e6 20. g3 a5 21. c3 1/2-1/2

[Event "Steyr Landesliga 1112"]
[Site "Austria"]
[Date "2012.01.21"]
[Round "7.4"]
[White "Schink, Barbara"]
[Black "Pfaffel, Thomas"]
[Result "1/2-1/2"]
[WhiteElo "2069"]
[BlackElo "2199"]
[PlyCount "122"]
[EventDate "2011.09.24"]
[EventType "team-tourn"]
[EventRounds "11"]
[EventCountry "AUT"]
[SourceTitle "EXT 2013"]
[Source "ChessBase"]
[SourceDate "2012.11.22"]
[SourceVersion "1"]
[SourceVersionDate "2012.11.22"]
[SourceQuality "1"]
[WhiteTeam "Graz Strassenbahn"]
[BlackTeam "Graz Austria"]
[WhiteTeamCountry "AUT"]
[BlackTeamCountry "AUT"]

1. e4 d5 2. exd5 Qxd5 3. Nc3 Qd6 4. d4 Nf6 5. Nf3 c6 6. Bd3 Bg4 7. Ne4 Nxe4 8. Bxe4 Nd7 9. h3 Bh5 10. c3 Nf6 11. Bd3 e6 12. Qe2 Qd5 13. g4 Bg6 14. Bf4 0-0-0 15. 0-0 Bxd3 16. Qxd3 Bd6 17. Bxd6 Qxd6 18. Rfe1 Nd5 19. Ne5 Qc7 20. Qf3 Rhf8 21. Rac1 Ne7 22. Qe2 Ng6 23. Qe3 Qb6 24. Nd3 Qa5 25. Nc5 b6 26. b4 Qb5 27. a4 Qc4 28. Nd3 Qd5 29. Qg3 h5 30. Ne5 hxg4 31. hxg4 Rh8 32. f3 Nxe5 33. Rxe5 Qa2 34. a5 Rh7 35. Qg2 Qxg2+ 36. Kxg2 Rdh8 37. Kf2 Rh2+ 38. Ke3 Ra2 39. axb6 axb6 40. b5 Kc7 41. c4 Rhh2 42. Kf4 Rhd2 43. d5 cxd5 44. cxd5+ Rdc2 45. Rxc2+ Rxc2 46. dxe6 fxe6 47. Rxe6 Rc5 48. Re7+ Kd6 49. Rxg7 Rxb5 50. g5 Ke6 51. Rb7 Rb4+ 52. Kg3 Kf5 53. Rg7 Rb1 54. Kg2 b5 55. Rg8 b4 56. f4 Kxf4 57. g6 Kf5 58. Kh2 b3 59. Kg2 Rc1 60. Rb8 Rc2+ 61. Kf1 Kxg6 1/2-1/2